| 000 | 00678nam a22001697a 4500 | ||
|---|---|---|---|
| 999 |
_c61002 _d61002 |
||
| 005 | 20231205154020.0 | ||
| 008 | 231205s1949 ru ||||| |||| 00| 0 rus d | ||
| 041 | _arus | ||
| 080 | _a94(37/38) Т-21 | ||
| 100 |
_aТарн, В. _920589 |
||
| 245 |
_aЭллинистическая цивилизация / _cВ.Тарн.; Пер. с англ. С. А. Лясковского. |
||
| 264 |
_aМ. : _bИзд-во иностр. лит. _c1949. |
||
| 300 |
_a372 с. ; _b20 см. |
||
| 653 | _aანტიკური სამყაროს ისტორია | ||
| 700 |
_aЛясковский, С. А. _eმთარგმნელი _920590 |
||
| 942 |
_2udc _cᲬᲘᲒᲜᲘ |
||